000 00855nam a2200313Ia 4500
001 57426
003 IT-RoPAU
008 130308s9999 xx 000 0 und d
040 _aIT-RoPAU
040 _cIT-RoPAU
041 _aITALIANO
100 _aBatini Carlo
100 _gCodice Aut. SPICS: 18580
245 _aBasi di dati e basi di conoscenza
245 _bAspettando Robot-Il futuro prossimo dell'Intelligenza Artificiale
250 _a1a ed.
260 _aROMA/BARI
260 _bLaterza
260 _c1987 [1° Ed.:1987 - Ed.Ling.Originale:1987]
300 _a"7 p. (prefazione: no ; testo: 7 [pagine: 22-28])"
650 _aSAGGI DI CIBERNETICA
650 _eCodice materia Spics: 4107
700 _aLenzerini Maurizio
700 _gCodice Aut. SPICS: 21082
942 _cBK
957 _71
999 _c46358
_d46358
999 _bSI
999 _g1